Carotenoid chemistry and biochemistry

Na minha lista:
Detalhes bibliográficos
Main Authors: Britton, George (Author), Goodwin, Trevor Walworth (Author)
Formato: Livro
Idioma:inglês
Publicado em: Oxford Pergamon Press 1982
Assuntos:
Tags: Adicionar Tag
Sem tags, seja o primeiro a adicionar uma tag!

MARC

LEADER 00000nam a2200000 a 4500
001 UCV6075
003 CL-VaPUC
005 20210223001827.0
008 911001e19820000uk 1 eng d
082 0 4 |a 572.33  |b BRI  |2 21 
100 1 |a Britton, George  |e author  |9 616579 
700 |a Goodwin, Trevor Walworth  |e author  |9 616580 
245 1 0 |a Carotenoid chemistry and biochemistry 
260 |a Oxford  |b Pergamon Press  |c 1982 
300 |a 399 p 
583 |a last modification  |c 20180123 05:26:09  |k Rodrigo Vera 
650 0 7 |a CAROTENOIDES  |2 CL-VaPUC  |9 263031 
650 0 0 |a Bioquímica   |9 259492 
942 |c BK 
945 |d 19911001 00:00:00 
546 |a En Inglés 
536 |a International Union of Pure and Applied Chemistry 
518 |p International Symposium on Carotenoids, 6, Liverpool, 26 al 31 de Julio de 1981 
999 |c 382017  |d 382015 
952 |0 0  |1 0  |4 0  |6 572_330000000000000_BRI_1982  |7 0  |8 A  |9 503455  |a BIBING  |b BIBING  |d 2020-01-23  |i 2607743  |o 572.33 BRI 1982  |p 2607743  |r 2025-01-20  |w 2020-01-23  |y BK  |k EIB